<?xml version="1.0" encoding="UTF-8"?>
<record
    xmlns:xsi="http://www.w3.org/2001/XMLSchema-instance"
    xsi:schemaLocation="http://www.loc.gov/MARC21/slim http://www.loc.gov/standards/marcxml/schema/MARC21slim.xsd"
    xmlns="http://www.loc.gov/MARC21/slim">

  <leader>01242nam a22002657a 4500</leader>
  <controlfield tag="001">25515</controlfield>
  <controlfield tag="005">20260428102951.0</controlfield>
  <controlfield tag="008">260428b        |||||||| |||| 00| 0 spa d</controlfield>
  <datafield tag="020" ind1=" " ind2=" ">
    <subfield code="a">9786125035578</subfield>
  </datafield>
  <datafield tag="041" ind1=" " ind2=" ">
    <subfield code="a">ESP</subfield>
  </datafield>
  <datafield tag="082" ind1=" " ind2=" ">
    <subfield code="a">720.98541</subfield>
    <subfield code="b">Z55 V. 1</subfield>
  </datafield>
  <datafield tag="100" ind1=" " ind2=" ">
    <subfield code="a">Zeballos Velarde, Carlos Renzo,</subfield>
    <subfield code="e">AUT</subfield>
  </datafield>
  <datafield tag="245" ind1=" " ind2=" ">
    <subfield code="a">Arequipa moderna y contempor&#xE1;nea I :</subfield>
    <subfield code="b">1868-1940, una historia urbano arquitect&#xF3;nica</subfield>
  </datafield>
  <datafield tag="250" ind1=" " ind2=" ">
    <subfield code="a">Primera edici&#xF3;n</subfield>
  </datafield>
  <datafield tag="260" ind1=" " ind2=" ">
    <subfield code="a">Arequipa :</subfield>
    <subfield code="b">Universidad Nacional de San Agust&#xED;n,</subfield>
    <subfield code="c">2022</subfield>
  </datafield>
  <datafield tag="300" ind1=" " ind2=" ">
    <subfield code="a">296 p&#xE1;ginas :</subfield>
    <subfield code="b">figuras, ilustraciones, cuadros ;</subfield>
    <subfield code="c">27 cm.</subfield>
  </datafield>
  <datafield tag="440" ind1=" " ind2=" ">
    <subfield code="a"> ;</subfield>
  </datafield>
  <datafield tag="650" ind1=" " ind2=" ">
    <subfield code="a">ABD</subfield>
  </datafield>
  <datafield tag="653" ind1=" " ind2=" ">
    <subfield code="a">Arquitectura - Per&#xFA; (Arequipa); Arquitectura moderna - Siglos XIX-XX; Urbanismo - Per&#xFA; - Arequipa - Historia; Dise&#xF1;o arquitect&#xF3;nico - Per&#xFA; - Arequipa -  Historia; Arequipa (Per&#xFA; : Departamento) - Monumentos hist&#xF3;ricos; Arequipa (Per&#xFA; : Departamento) - Historia</subfield>
  </datafield>
  <datafield tag="654" ind1=" " ind2=" ">
    <subfield code="a">CHU</subfield>
  </datafield>
  <datafield tag="700" ind1=" " ind2=" ">
    <subfield code="a">; </subfield>
  </datafield>
  <datafield tag="856" ind1=" " ind2=" ">
    <subfield code="u">https://itmsp.museknowledge.com/UCSP?groupID=2</subfield>
    <subfield code="z">V&#xE9;ase adem&#xE1;s: Biblioteca digital</subfield>
  </datafield>
  <datafield tag="856" ind1=" " ind2=" ">
    <subfield code="u">https://itmsp.museknowledge.com/UCSP?groupID=2&amp;action=source&amp;sourceID=ArchitectureOpenLibrary</subfield>
    <subfield code="z">V&#xE9;ase adem&#xE1;s: Base de datos Architecture Open Library</subfield>
  </datafield>
  <datafield tag="942" ind1=" " ind2=" ">
    <subfield code="c">LIB</subfield>
    <subfield code="d">JUS</subfield>
    <subfield code="f">TRC</subfield>
    <subfield code="n">0</subfield>
    <subfield code="2">ddc</subfield>
  </datafield>
  <datafield tag="999" ind1=" " ind2=" ">
    <subfield code="c">25515</subfield>
    <subfield code="d">25515</subfield>
  </datafield>
  <datafield tag="952" ind1=" " ind2=" ">
    <subfield code="o">720.98541 Z55 V. 1</subfield>
    <subfield code="p">1088492</subfield>
    <subfield code="8">UCSP</subfield>
    <subfield code="t">2</subfield>
    <subfield code="7">1</subfield>
    <subfield code="5">3</subfield>
    <subfield code="b">VAB</subfield>
    <subfield code="a">VAB</subfield>
    <subfield code="c">SP</subfield>
    <subfield code="d">2026-04-17</subfield>
    <subfield code="e">1</subfield>
    <subfield code="3">Carlos Zeballos</subfield>
    <subfield code="r">2026-04-17 08:40:00</subfield>
    <subfield code="l">0</subfield>
    <subfield code="w">2026-04-17</subfield>
    <subfield code="y">LIB</subfield>
    <subfield code="1">0</subfield>
    <subfield code="2">ddc</subfield>
    <subfield code="4">0</subfield>
    <subfield code="0">1</subfield>
  </datafield>
  <datafield tag="952" ind1=" " ind2=" ">
    <subfield code="o">720.98541 Z55 V. 1</subfield>
    <subfield code="p">1079777</subfield>
    <subfield code="8">UCSP</subfield>
    <subfield code="t">1</subfield>
    <subfield code="7">1</subfield>
    <subfield code="5">3</subfield>
    <subfield code="b">VAB</subfield>
    <subfield code="a">VAB</subfield>
    <subfield code="c">SP</subfield>
    <subfield code="d">2026-04-28</subfield>
    <subfield code="e">1</subfield>
    <subfield code="3">Arquitectura</subfield>
    <subfield code="r">2026-04-28 10:10:00</subfield>
    <subfield code="l">0</subfield>
    <subfield code="w">2026-04-28</subfield>
    <subfield code="y">LIB</subfield>
    <subfield code="1">0</subfield>
    <subfield code="2">ddc</subfield>
    <subfield code="4">0</subfield>
    <subfield code="0">0</subfield>
  </datafield>
</record>
